000 00836nam a2200265 i 4500
001 17080
003 ES-MaACL
005 20250801143532.0
007 t|
008 001219s1996 sp ||||1| spa d
020 _a84-339-0537-6
080 _a316.7:82
080 _a327.2(0:82)
100 0 _aSaid, Edward W.,
_d1935-2003
_9101485
245 1 0 _aCultura e imperialismo /
_cEdward W. Said ; traducción de Nora Catelli.
260 _aBarcelona :
_bAnagrama,
_c[1996]
300 _a542 p. ;
_c22 cm.
490 1 _aColección Argumentos ;
_v187
650 1 7 _aLiteratura y sociedad
_2embne
_914679
650 4 _aImperialismo-
_xEn la literatura.
_9146647
700 1 _aCatelli, Nora.
_937055
830 0 _aColección Argumentos ;
_v187
_9178071
852 _aES-MaACL
_jL-23971
_bR.129093
999 _c17080
_d17080